000 00596pam a2200193 a 4500
020 _a0-07-785613-3
_c
040 _aNMHR_425001
041 _aeng
082 _a515
_bRUD
100 _aRudin, W
245 _aPrinciples of Mathematical Analysis
_cby Walter Rudin
_hTextual Documents
250 _a3rd ed
260 _aNew Delhi
_bMcGraw-Hill Book Company
_c1993
300 _a342p
_c21 x 15 cm
365 _aRs.149.00
_ePaper Back
500 _aThis document contains back index from page no. 339 to 342
504 _aThis document contains bibliography from pg. no 335 to 336
930 _a6081
999 _c82997
_d82997